000 00623nam a22001937a 4500
005 20130513165704.0
010 _aENG-107119
020 _a9788183763523
_c995.00
035 _aEN-90652
037 _bDBAD/PUB
082 _a485
100 _aRamesh Kumar
245 1 0 _aSpoken English :
_cby Ramesh Kumar
_bmethods, tools and technique /
260 _aNew Delhi
_bABD Publishers
_c2012
270 _a102, 1st Floor, Satyam House, 4327/3, Ansari Road, Daryaganj
_bNew Delhi
_e110002
300 _a272p.
_c22cm(Hb)
500 _aIncludes bibliographical references and index
942 _2ddc
_cEN
_mRAM
_h485
999 _c75528
_d75528